| 000 | 00393nam a2200157Ia 4500 | ||
|---|---|---|---|
| 008 | 230711s9999||||xx |||||||||||||| ||und|| | ||
| 041 | _aENG | ||
| 082 |
_a621.381 _bGR-E |
||
| 100 | _aGraf,Rudolf F | ||
| 245 | 4 | _aThe encyclopedia of electronic circuits | |
| 250 | _a1st Ed. | ||
| 260 |
_c1989 _aNew Delhi _bBPB Publications |
||
| 650 | _aLiterature | ||
| 700 | _aSheets,William | ||
| 942 | _cBK | ||
| 999 |
_c2552 _d2552 |
||